DE POTESTATE MAGISTRI SPIRITUS AD NORMAM CANONIS 588. (Record n. 278961)
[ formato base ]
| 000 -LEADER | |
|---|---|
| fixed length control field | 01168nam a2200229Ia 4500 |
| 001 - CONTROL NUMBER | |
| control field | L262-19840 |
| 003 - CONTROL NUMBER IDENTIFIER | |
| control field | IT-CnALBA |
| 008 - FIXED-LENGTH DATA ELEMENTS--GENERAL INFORMATION | |
| fixed length control field | 170116s9999||||xx |||||||||||||| ||und|| |
| 040 ## - CATALOGING SOURCE | |
| Original cataloging agency | IT-CnALBA |
| Transcribing agency | IT-CnALBA |
| 041 ## - LANGUAGE CODE | |
| Language code of text/sound track or separate title | LATINO |
| 999 ## - SYSTEM CONTROL NUMBERS (KOHA) | |
| Koha Dewey Subclass [OBSOLETE] | NO |
| 100 ## - MAIN ENTRY--PERSONAL NAME | |
| Personal name | ALT VIGILIUS, OFM. |
| 245 #0 - TITLE STATEMENT | |
| Title | DE POTESTATE MAGISTRI SPIRITUS AD NORMAM CANONIS 588. |
| 250 ## - EDITION STATEMENT | |
| Edition statement | 1a ed. |
| 260 ## - PUBLICATION, DISTRIBUTION, ETC. (IMPRINT) | |
| Place of publication, distribution, etc. | ROMA |
| Name of publisher, distributor, etc. | OFFICIUM LIBRI CATHOLICI |
| Date of publication, distribution, etc. | n.d. |
| 300 ## - PHYSICAL DESCRIPTION | |
| Extent | 166 p. |
| 500 ## - GENERAL NOTE | |
| General note | INTRODUZIONE. IL MAESTRO DI SPIRITO PRIMA DELLA COSTITUZIONE DI CLEMENTE VIII CUM AD REGULATOREM. DALLA COSTITUZIONE CLEMENTINA FINO AL CODICE DI DIRITTO CANONICO DEL 1917. IL MAESTRO DI SPIRITO NEL DIRITTO PARTICOLARE. SENTENZE DI AUTORI VARI. ANALISI DE |
| 501 ## - WITH NOTE | |
| With note | Società San Paolo EM - Piazza San Paolo, 14 - 12051 ALBA (CN) (non commercial uses only) ® Copyright 2017 |
| 520 ## - SUMMARY, ETC. | |
| Summary, etc. | INTRODUZIONE. IL MAESTRO DI SPIRITO PRIMA DELLA COSTITUZIONE DI CLEMENTE VIII CUM AD REGULATOREM. DALLA COSTITUZIONE CLEMENTINA FINO AL CODICE DI DIRITTO CANONICO DEL 1917. IL MAESTRO DI SPIRITO NEL DIRITTO PARTICOLARE. SENTENZE DI AUTORI VARI. ANALISI DE |
| 650 ## - SUBJECT ADDED ENTRY--TOPICAL TERM | |
| Topical term or geographic name as entry element | ECCLESIOLOGIA |
| 942 ## - ADDED ENTRY ELEMENTS (KOHA) | |
| Koha item type | LIBRO |
| 957 ## - | |
| -- | 1 |
| 999 ## - SYSTEM CONTROL NUMBERS (KOHA) | |
| -- | Copie: 1 |
| Withdrawn status | Lost status | Damaged status | Not for loan | Home library | Current library | Date acquired | Total Checkouts | Full call number | Date last seen | Price effective from | Koha item type | Public note |
|---|---|---|---|---|---|---|---|---|---|---|---|---|
| Buone Condizioni | Not For Loan | ALBA - Biblioteca | ALBA - Biblioteca | 16/01/2017 | L262-19840 | 16/01/2017 | 16/01/2017 | LIBRO | (data import: 16 gennaio 2017) - By Epidotti, Vaglietti. |